Statistics for Historical Timeline of Estonia

Click here to take the quiz!

General Stats

  • This quiz has been taken 140 times
  • The average score is 7 of 10

Answer Stats

YearHintAnswer% Correct
1991E______Estonia
99%
1918Republic of E______Republic of Estonia
99%
1944S_____ U____Soviet Union
96%
1721R______Russia
89%
1941G______Germany
88%
1561S_____Sweden
80%
1561Duchy of Li_____Duchy of Livonia
64%
1219D_____ EstoniaDanish Estonia
40%
1559D_____ OselDanish Osel
40%
1207Terra Mar____Terra Mariana
27%

Score Distribution

Percentile by Number Answered

Percent of People with Each Score

Your Score History

You have not taken this quiz